000 00720nam a2200217 a 4500
999 _c6579
_d6579
001 6579
003 BD-JhCC
005 20180125184344.0
008 180125s1977 bg ||||| |||| 000 0 ben d
035 _a(BD-JhCC)6579
040 _aBD-JhCC
_dBD-JhCC
041 _aBen
082 _a297.63
_bMOS 1977
100 _aমোশাররফ, মীর হোসেন
245 _aছোটদের মহানবী :
_bযুক্তাক্ষর বর্জিত /
_cহোসেন মীর মোশাররফ
260 _aঢাকা :
_bমুক্তধারা প্রকাশনী,
_c1977.
300 _a77 p. :
_c20 cm.
600 _aProphet Muhammad (Sm)
942 _2ddc
_cBK